000 00909cam a2200193 a 4500
020 _a0071811044
020 _a9780071811040
050 0 0 _aHD38.5
_b.C64 2013
100 1 _aCoimbra, Euclides A.
245 1 0 _aKaizen in logistics and supply chains /
_cEuclides A. Coimbra.
260 _aNew York [USA] :
_bMcGraw-Hill Education,
_cc2013.
300 _axx, 363 p. :
500 _aIncludes bibliographic references and index.
650 _xDelivery of goods -- management ;
_xOrganizational effectiveness ;
_xBusiness logistics -- cost effectiveness ;
_xIndustrial efficiency ;
_xIndustrial management ;
_xBusiness logistics ;
_xContinous improvement process.
856 4 1 _uhttp://www.loc.gov/catdir/enhancements/fy1408/2012286606-t.html
856 4 2 _uhttp://www.loc.gov/catdir/enhancements/fy1408/2012286606-d.html
856 4 2 _uhttp://www.loc.gov/catdir/enhancements/fy1408/2012286606-b.html
942 _2lcc
_cGEN
999 _c7595
_d7595